3 Pillars of Financial Security: (Record no. 190644)

MARC details
000 -LEADER
fixed length control field 00612nam a22001817a 4500
005 - DATE AND TIME OF LATEST TRANSACTION
control field 20220802100419.0
010 ## - LCCN (DPL NO)
LC control number ENG-134132
020 ## - INTERNATIONAL STANDARD BOOK NUMBER
International Standard Book Number 9789380200729
Terms of availability 199.00
035 ## - SYSTEM CONTROL NUMBER
System control number EN-117664
037 ## - SOURCE OF ACQUISITION
Source of stock number/acquisition DBAB/PUB
082 ## - DEWEY DECIMAL CLASSIFICATION NUMBER
Classification number 332.632
100 ## - MAIN ENTRY--PERSONAL NAME
Personal name Chauhan, Manish
245 ## - TITLE STATEMENT
Title 3 Pillars of Financial Security:
Remainder of title Life Insurance, Health Insurance & Emergency Fund/
Statement of responsibility, etc by Manish Chauhan
260 ## - PUBLICATION, DISTRIBUTION, ETC. (IMPRINT)
Place of publication, distribution, etc New Delhi
Name of publisher, distributor, etc Network 18 Publication Private Ltd
Date of publication, distribution, etc 2013
270 ## - ADDRESS
Address 507, Prabhat Kiran, 17, Rajendra Place
City New Delhi
Postal code 110008
300 ## - PHYSICAL DESCRIPTION
Extent 122p.
Dimensions 18cm(pbk)
942 ## - ADDED ENTRY ELEMENTS (KOHA)
Source of classification or shelving scheme Dewey Decimal Classification
Item type English Books
Classification part 332.632
Call number suffix CHA
Holdings
Withdrawn status Lost status Not for loan Collection code Home library Current library Date acquired Source of acquisition Cost, normal purchase price Full call number Barcode Copy number Cost, replacement price Koha item type
      Non-fiction Bawana Bawana 02/08/2022 DBAD/PUB 199.00 332.632 CHA EN-117664 1 199.00 English Books

© Delhi Public Library
Hit Counter
free hit counter